Sugerencias para la celebración del primer centenario del ferrocarril
Descripción Física:
Mataró : Comisión Local Pro Centenario Ferrocarril, [1948]
Colección:
[8] p. : il. ; 29 cm
MARC
| LEADER | 00000nam a2200000Ia 4500 | ||
|---|---|---|---|
| 001 | 22137 | ||
| 008 | 160829s9999 xx 000 0 cat d | ||
| 080 | |a FU-53-18 | ||
| 245 | |a Sugerencias para la celebración del primer centenario del ferrocarril | ||
| 300 | |a Mataró : |b Comisión Local Pro Centenario Ferrocarril, [1948] | ||
| 490 | |a [8] p. : il. ; 29 cm | ||
| 590 | |a Prové de 2556, exp. 1 | ||
| 650 | |a Ferrocarrils |x Barcelona |9 47122 | ||
| 650 | |a Ferrocarrils |x Mataró |9 47123 | ||
| 901 | |a Arxiu | ||
| 942 | |n 1 | ||
| 952 | |0 0 |1 0 |4 0 |6 FU5318 |7 1 |9 53679 |a Arxiu |b Arxiu |d 2016-12-01 |l 0 |o FU-53-18 |p 22137 |r 2016-12-01 00:00:00 |w 2016-12-01 |y ARXIU | ||
| 999 | |c 57545 |d 57545 | ||